000 00352nam a2200145Ia 4500
100 _aWalters R.L.
650 _aElectrical Engineering
942 _cBK
654 _aBroadcast writing
245 _aBroadcast Writing : Principles & Practice
260 _bMc Graw Hill
_aNew York
_c1994
082 _a808.06671
546 _aENGLISH
999 _c32885
_d32885